[Event "Norway Chess 2nd"]
[Site "Stavanger"]
[Date "2014.06.05"]
[Round "3"]
[White "Carlsen, Magnus"]
[Black "Caruana, Fabiano"]
[Result "1/2-1/2"]
[WhiteElo "2881"]
[BlackElo "2791"]
[Annotator "Krasenkow,Michal"]
[PlyCount "134"]
[EventDate "2014.06.03"]
[EventType "tourn"]
[EventRounds "9"]
[EventCountry "NOR"]
[EventCategory "21"]
[SourceTitle "CBM 161"]
[Source "ChessBase"]
[SourceDate "2014.07.16"]
[SourceVersion "1"]
[SourceVersionDate "2014.07.16"]
[SourceQuality "1"]

1. d4 Nf6 2. c4 g6 3. f3 d5 4. cxd5 Nxd5 5. e4 Nb6 6. Nc3 Bg7 7. Be3 O-O 8. Qd2 Nc6 9. O-O-O Qd6 10. Nb5 Qd7 11. Kb1 Rd8 12. d5 a6 13. Nc3 Qe8 14. Qc1 (14. Qe1 {was played in Gelfand-Caruana (see CBM 153, where you can learn more about this line). After} Na7 $1 {some new games have been played since then:} 15. h4 (15. Nge2 Nb5 $1 (15... Nc4 16. Bd4 e5 17. dxe6 Bxe6 18. Bxg7 Kxg7 19. Nd4 Nb6 20. Qe3 Nc6 21. Be2 Nxd4 22. Rxd4 Qe7 23. Rxd8 Rxd8 24. h4 {1/2 (42) Jarmula,L (2213)-Wagner,D (2467) Al-Ain UAE 2013} h6 $11) 16. Nxb5 axb5 17. Bd4 {1-0 (28) Yang,D (2486)-Schut,L (2289) Philadelphia 2013} Rxd5 $3 18. exd5 Bf5+ 19. Kc1 (19. Ka1 Rxa2+ 20. Kxa2 Qa8+ 21. Kb3 Qa4+ 22. Kc3 Nxd5+ 23. Kd2 Qc2#) 19... Rxa2 $40 20. Bxg7 $140 $2 Nc4 $1 $19) 15... Nb5 16. Nxb5 (16. Nge2 Nc4 $15 {1/2 (40) Gelfand,B (2740)-Caruana,F (2757) Zuerich 2013 CBM 153 [Krasenkow,M]}) 16... axb5 17. h5 $2 Nc4 ({Black misses} 17... Nxd5 $1 18. exd5 (18. Rxd5 $2 Rxd5 19. exd5 Bf5+ 20. Kc1 Rxa2) 18... Bf5+ 19. Bd3 b4 $1 20. Bxf5 (20. Ne2 Rxa2 $1 21. Kxa2 Qa4+ 22. Kb1 Qb3 $19) 20... Qa4 21. Bd4 Qxa2+ 22. Kc2 Qc4+ 23. Kb1 Bxd4 24. Rxd4 Qxd4 25. hxg6 hxg6 26. Be4 Rxd5 $1 27. Ne2 Qc4 $19) 18. Bc1 f5 19. Bd3 Qf7 20. hxg6 hxg6 21. Qh4 Qf6 22. Qxf6 Bxf6 23. Ne2 $13 {1-0 (40) Thorfinnsson,B (2484)-Gordon,S (2533) England 2013}) 14... Na5 15. Bh6 $146 {A new move order although not a new plan, of course. White will play h2-h4 at a later stage.} (15. h4 e6 16. Bg5 $5 f6 17. Bd2 Nbc4 18. Bh6 Bxh6 19. Qxh6 exd5 20. h5 d4 21. hxg6 Qxg6 22. Bxc4+ Nxc4 23. Qxg6+ hxg6 24. Nge2 d3 25. Nf4 d2 26. Nxg6 Kg7 27. Nf4 Ne3 $13 {1/2 (45) Berczes,D (2497)-Sarkar,J (2452) Dallas USA 2014}) 15... Bxh6 (15... Bh8 16. Bf4 Rd7 17. h4 {and here the position of Black's bishop on h8 is worse than on g7.}) 16. Qxh6 e6 17. Nh3 {[%cal Rh3g5]} (17. h4 exd5 18. h5 {is harmless due to} Qf8 {.}) 17... Qe7 $146 (17... Qf8 $5 {- the position after the queen exchange is nearly equal but I understand Caruana avoiding it against Carlsen.}) ({RR} 17... Qf8 18. Qf4 Qe7 19. g4 e5 20. Qh6 c6 21. Be2 f6 22. Nf2 Nac4 23. Bxc4 Nxc4 24. Nd3 Nd6 25. h4 Bd7 26. Qe3 Be8 27. g5 Bf7 28. gxf6 Qxf6 29. Qg5 Qxg5 30. hxg5 Nc4 31. b3 Ne3 32. Rd2 {Cheparinov,I (2677)-Piorun,K (2681) Monzon 2016 1-0 (92)}) ({RR} 17... Qf8 18. Qf4 Qe7 19. g4 Nac4 20. Bxc4 Nxc4 21. e5 Qb4 22. Qc1 exd5 23. Nxd5 Rxd5 24. Rxd5 Be6 25. Rdd1 Qa5 26. b3 Nxe5 27. Nf4 Re8 28. Nxe6 Rxe6 29. Rd8+ Kg7 30. Qb2 f6 31. Rhd1 Nxf3 32. R8d7+ {Sadler,M (2684)-Leenhouts,K (2475) Maastricht 2017 1-0 (33)}) 18. Bd3 $5 {White goes for sharp play...} (18. Nf4 $5 e5 19. Nd3 c6 $132 {e.g.} 20. Qe3 Nac4 21. Qc5 Qxc5 22. Nxc5 Ne3 23. Rd3 Nxf1 24. Rxf1 cxd5 25. Nxd5 Nxd5 26. Rfd1 Be6 27. Nxe6 fxe6 28. exd5 Rxd5 29. Rxd5 exd5 30. Rxd5 Re8 31. Rd7 (31. Kc2 Kf7 32. Rd7+ Re7 33. Rxe7+ Kxe7 34. Kd3 Ke6 35. Ke4 a5 {is not enough either}) 31... e4 32. fxe4 Rxe4 33. Rxb7 Re2 {and the endgame should be drawn.}) 18... e5 {... and Black prefers a solid continuation. However, the resulting position is quite passive and slightly inferior for him.} (18... exd5 19. Nf4 {[%cal Rf4h5,Rf4d5] looks dangerous but Black holds on by means of} Be6 20. Nh5 $1 f6 $1 (20... gxh5 $2 21. exd5) 21. exd5 Nxd5 22. Nxd5 Rxd5 23. Bxg6 $1 Rxd1+ 24. Rxd1 hxg6 25. Qxg6+ Kh8 26. Nxf6 Bg8 $1 27. Rd5 Qe1+ 28. Kc2 Qe2+ $11) 19. Nf2 Nbc4 (19... c6 {can now be met with} 20. h4 $1 cxd5 21. Nxd5 Nxd5 22. exd5 Rxd5 23. h5 Bf5 24. Bxf5 Rxd1+ 25. Nxd1 gxf5 26. Ne3 $16 {[%csl Ra5]} Nc6) (19... Qc5 $5 20. Qh4 $14 {A.Korotylev}) 20. h4 Rd6 21. Bxc4 (21. Qc1 $5) 21... Nxc4 22. Qc1 {[%cal Yh4h5]} b5 (22... Rb6 23. Nd3 $14) (22... c6 23. b3 Nb6 24. Qe3 cxd5 25. exd5 $14 {[%csl Re5][%cal Rf2e4,Yh1e1]}) 23. Nd3 $14 {[%csl Rc5]} Bd7 24. b3 Nb6 25. h5 g5 26. g3 $6 {[%cal Yf3f4]} (26. Qe3 $142 {preventing ...c7-c6.}) 26... c6 $1 27. f4 $6 {White continues his plan despite Black's counterplay.} ({It was probably better to reduce ambitions and play} 27. dxc6 Rxc6 28. Qe3 Rxc3 29. Qxb6 $13) 27... cxd5 28. Nxe5 $6 (28. fxe5 Rc6 29. Qd2 Be6 $36) 28... d4 $1 29. Qa3 a5 $1 30. Nxb5 $6 {Panic. White doesn't get sufficient compensation for the piece.} (30. Nd5 Nxd5 31. exd5 Bf5+ 32. Ka1 a4 $36 {A.Korotylev}) 30... Bxb5 31. Rxd4 Re6 32. Qxe7 Rxe7 33. Rc1 Nd7 34. Rc7 Nxe5 $6 (34... gxf4 $1 35. gxf4 (35. Nxd7 f3 36. Nf6+ Kg7 37. Rxe7 f2 38. Rd1 Kxf6 $19) 35... Nxe5 36. Rxe7 Nc6 37. Rd5 Nxe7 38. Rxb5 Kg7 {and Black should gradually win.}) 35. Rxe7 Nc6 36. Rd5 Bd3+ 37. Rxd3 Nxe7 38. fxg5 {[%mdl 4096] White has got a third pawn for the piece and now has good drawing chances.} Rb8 39. Rd7 $6 {It was more essential to bring the king into the game.} (39. Kb2 $142 {A.Korotylev}) 39... Kf8 40. Ra7 Rb5 41. Ra8+ Kg7 42. Re8 (42. Ra6 {[%cal Rh5h6]} Rc5 $1 $17 (42... Rxg5 43. h6+ Kh8 44. Kb2)) 42... Re5 (42... Nc6 $142 $1 43. h6+ Kg6 44. Rg8+ Kh5 45. Rg7 Ne5 46. Rxh7 Kxg5 {and Black should win, according to GM A.Korotylev.}) 43. g4 Rxe4 44. Kc2 Re5 45. Kd3 f6 46. gxf6+ Kxf6 47. Rh8 Kg7 48. Re8 (48. Ra8 $142 Rg5 49. a3) 48... Kh6 (48... Nc6 $142 {Caruana was probably tired and couldn't evaluate the position after the exchange of rooks:} 49. Rxe5 Nxe5+ 50. Kc3 (50. Kd4 Nxg4 51. a4 Kf7 52. Kc4 Nf6 53. b4 Ke6 $19) 50... Nxg4 51. b4 axb4+ 52. Kxb4 Kf6 53. Kb5 Ke7 54. Kc6 Kd8 55. Kb7 Nf6 56. h6 (56. a4 Nxh5 57. a5 Nf4 58. a6 Ne6 59. a7 Nc7) 56... Ng4 57. a4 Nxh6 58. a5 Nf5 59. a6 Nd6+ 60. Kc6 Nc8 $19) 49. a3 Kg5 50. Rh8 $5 (50. b4 axb4 51. axb4 Kxg4 52. b5 Kxh5 {should be winning for Black.}) 50... h6 51. Rh7 Re6 52. Rg7+ Kf6 53. Rh7 Ke5 54. Rg7 Kf4 55. b4 axb4 56. axb4 {This passed pawn is White's main trump. The position is very hard to evaluate and calculate; White's drawing chances are realistic.} Nc6 57. b5 Ne5+ 58. Kd4 Nxg4 59. Kc5 Re5+ 60. Kc6 (60. Kb4 $1 Rxh5 (60... Ne3 61. Rg6 Rxh5 62. b6 Nd5+ 63. Kc4 Nxb6+ 64. Rxb6 {is a draw.}) 61. b6 Ne5 62. Rh7 Nc6+ 63. Kc4 {, keeping White's king closer to Black's pawn, was probably more appropriate.}) 60... Rxh5 $2 ({A.Korotylev recommends} 60... Ne3 $142 $1 {as the rook endgame after} 61. b6 Nc4 {will now be winning for Black: White's king is too far away. Meanwhile it is unclear whether White can reach a draw by refraining from b5-b6.}) 61. b6 Ne5+ 62. Kc7 Nc4 $6 (62... Nd3 $142 $1 {, but} 63. Rh7 $1 ({but not} 63. Rf7+ Rf5 64. Rxf5+ $2 Kxf5 65. b7 Nc5 66. b8=N $8 h5 $19) 63... Nc5 64. Kd6 {looks like a positional draw.}) 63. b7 Rc5+ 64. Kd8 Rb5 65. Kc7 Rc5+ 66. Kd8 Rb5 67. Kc7 Ke5 1/2-1/2

[Event "Norway Chess 2nd"]
[Site "Stavanger"]
[Date "2014.06.07"]
[Round "4"]
[White "Topalov, Veselin"]
[Black "Carlsen, Magnus"]
[Result "1/2-1/2"]
[WhiteElo "2772"]
[BlackElo "2881"]
[Annotator "Marin,Mihail"]
[PlyCount "55"]
[EventDate "2014.06.03"]
[EventType "tourn"]
[EventRounds "9"]
[EventCountry "NOR"]
[EventCategory "21"]
[SourceTitle "CBM 161"]
[Source "ChessBase"]
[SourceDate "2014.07.16"]
[SourceVersion "1"]
[SourceVersionDate "2014.07.16"]
[SourceQuality "1"]

1. d4 Nf6 2. c4 e6 3. Nc3 Bb4 4. Nf3 d5 5. cxd5 exd5 6. Bg5 h6 7. Bh4 c5 8. dxc5 Nbd7 9. e3 (9. Qa4 {would transpose to the second round game Agdestein-Giri}) 9... Qa5 10. Nd2 Bxc3 11. bxc3 Qxc5 $146 (11... O-O 12. Be2 Qxc3 13. O-O Qxc5 14. Rc1 Qb4 15. Bg3 Nb6 16. Be5 Qe7 17. Bd4 $44 {Kasimdzhanov,R (2700)-Aleksandrov,A (2554) Dubai 2014 (1-0, 48)}) 12. Rc1 O-O 13. Be2 Qa3 14. O-O $146 ({RR} 14. Qc2 b6 15. O-O Ba6 16. c4 Rac8 17. Qb3 Qa5 18. Qb2 Rfe8 19. Rfd1 Qa4 20. Qb3 Qa5 21. Qb2 Qa4 22. Qb3 Qa5 23. Bf1 Rc5 24. Qb2 dxc4 25. Nxc4 Bxc4 26. Rxc4 Rxc4 27. Bxc4 Re4 28. Rd4 Qe1+ {Vrolijk,L (2435)-Roos,A (2304) Netherlands 2019 1-0 (45)}) 14... Qxa2 15. c4 Ne4 16. Nxe4 dxe4 17. Be7 Re8 18. Bd6 Nf6 19. Ra1 Qb2 20. c5 a5 21. Rb1 Qa2 22. Bb5 Rd8 23. Qc1 Qe6 24. Bc7 Rf8 25. Bd6 (25. Bc4 Qg4 (25... Qf5 26. Rb5) 26. Rd1 a4 27. Qa3) 25... Rd8 26. Bc7 Rf8 27. Bd6 Rd8 28. Bc7 1/2-1/2

[Event "Norway Chess 2nd"]
[Site "Stavanger"]
[Date "2014.06.08"]
[Round "5"]
[White "Carlsen, Magnus"]
[Black "Aronian, Levon"]
[Result "1-0"]
[WhiteElo "2881"]
[BlackElo "2815"]
[Annotator "Sumets,Andrey"]
[PlyCount "185"]
[EventDate "2014.06.03"]
[EventType "tourn"]
[EventRounds "9"]
[EventCountry "NOR"]
[EventCategory "21"]
[SourceTitle "CBM 161"]
[Source "ChessBase"]
[SourceDate "2014.07.16"]
[SourceVersion "1"]
[SourceVersionDate "2014.07.16"]
[SourceQuality "1"]

1. d4 Nf6 2. c4 e6 3. Nf3 d5 4. Nc3 Bb4 5. cxd5 exd5 6. Bg5 h6 7. Bh4 Nbd7 8. e3 g5 (8... c5 {including the moves ...h6 and h4, the line is considered as a risky one. However some players disagree with this.} 9. Bd3 Qa5 (9... c4 10. Bf5 Nb6 11. Bc2 Qe7 12. Nd2 $6 (12. O-O O-O 13. Ne5 $14) 12... O-O 13. O-O Re8 14. a3 Bxc3 15. bxc3 Qe6 16. Bxf6 Qxf6 17. a4 Bf5 18. Bxf5 Qxf5 19. Qb1 Qd7 $11 {Chiburdanidze,M (2502)-Zhao,X (2474) 1/2 (25) Antakya 2010}) 10. Qc2 g5 11. Bg3 c4 12. Bf5 O-O 13. O-O Re8 14. h4 Bxc3 15. bxc3 Ne4 16. hxg5 hxg5 17. Bxe4 dxe4 18. Nd2 $16 {Sargissian,G (2683)-Hanley,C (2421) 1-0 (49) Caleta 2012 CBM 147 [Let's Check]}) 9. Bg3 Ne4 10. Nd2 (10. Qc2 Nb6 11. Bd3 Nxg3 12. hxg3 Be6 13. Ne5 (13. a3 $5 Bd6 14. Nb5 $14) 13... Qe7 14. f4 O-O-O 15. O-O Kb8 16. a3 Bd6 17. a4 gxf4 18. gxf4 Rhg8 $13 {Lysyj,I (2648)-Aronian,L (2813) 0-1 (50) Tromso 2013}) 10... Nxg3 (10... Nxc3 {is too bold:} 11. bxc3 Bxc3 12. Rc1 Ba5 13. h4 {and Black is in danger.}) 11. fxg3 $146 {With a very unusual pawn structure. In this game Black can't complain about the result of the opening but I wouldn't be in any hurry to claim that 11.fxg3 is a dubious move. We need more games to establish the objective value of this move.} (11. hxg3 Nb6 (11... c6 12. Bd3 Nb6 13. Qc2 Be6 14. O-O-O Qf6 15. f4 O-O-O 16. Nf3 Kb8 17. Kb1 Qg7 18. Rhe1 $6 (18. f5 Bc8 19. g4 Rhe8 20. e4 $13) 18... Rhe8 19. Re2 Bg4 $15 {Kryakvin,D (2588)-Khismatullin, D (2674) 1/2 (141) Taganrog RUS 2014} (19... f6 $5)) 12. a3 Bd6 (12... Bf8 13. Bd3 c6 14. Qc2 Be6 15. O-O-O Qe7 16. Nb3 O-O-O 17. Nc5 Kb8 18. Kb1 Bg7 19. Rc1 h5 $11 {L'Ami,E (2646)-Panjwani,R (2440) 1-0 (38) Reykjavik ISL 2014}) 13. Qc2 c6 14. e4 dxe4 15. Ndxe4 Be6 16. O-O-O Qe7 17. Nxd6+ Qxd6 18. Ne4 Qe7 19. Qc5 Qxc5+ 20. dxc5 Nd7 21. Nxg5 (21. Nd6+ Ke7 22. Nxb7 a5 $11) 21... Bd5 22. Nh3 (22. b4 $5 a5 23. Bd3 axb4 24. axb4 $14 Bxg2 $6 25. Rhe1+ Kf8 26. Bc4 $40) 22... Nxc5 23. Nf4 Bb3 24. Re1+ {1/2 (24) Ragger,M (2680)-Vitiugov,N (2719) Tromso 2013}) ({RR} 11. hxg3 c6 12. Qc2 Kf8 13. Bd3 Kg7 14. O-O-O Nf6 15. Nf3 Ng4 16. Kb1 Bxc3 17. bxc3 Qe7 18. Rhe1 f5 19. Re2 Rf8 20. Qb2 a5 21. Ne1 b5 22. Bc2 b4 23. cxb4 axb4 24. Bb3 Nf6 25. Rc2 Ne4 {Carlsen,M (2855)-Anand,V (2770) Leuven 2016 ½-½ (57)}) ({RR} 11. hxg3 c6 12. a3 Bf8 13. Bd3 Bg7 14. Qc2 Nb6 15. O-O-O Be6 16. Kb1 Qe7 17. f3 O-O-O 18. g4 Kb8 19. Nf1 Rc8 20. b4 Nd7 21. Ng3 c5 22. Nf5 Bxf5 23. Bxf5 cxd4 24. Nxd5 Qe5 25. Qe4 Qd6 {Rohith,K (2500)-Grebnev,A (2595) Abu Dhabi UAE 2025 ½-½ (79)}) 11... Nb6 12. Bd3 Qe7 $146 ({RR} 12... Be6 13. O-O c6 14. a3 Bd6 15. Bf5 Qd7 16. e4 O-O-O 17. Qc2 Kb8 18. Bxe6 fxe6 19. e5 Be7 20. b4 Rdf8 21. Qg6 Rfg8 22. Qd3 Qe8 23. Ne2 Rf8 24. h3 Rxf1+ 25. Rxf1 Rf8 26. Rxf8 Bxf8 27. Qh7 {Sebenik,M (2557)-Schwabeneder,F (2403) Graz 2018 1-0 (48)}) 13. Qf3 Be6 14. a3 {Magnus hurries to exchange the bishop. His king might be well-placed on f2, where it protects the e3-pawn.} (14. O-O O-O-O 15. Rac1 Kb8 16. a3 Bxc3 17. Rxc3 Na4 18. Rc2 Bg4 19. Qf2 Rhe8 20. Re1 Nb6 $15) 14... Bxc3 15. bxc3 O-O-O ({It was not bad to play} 15... O-O $5 16. O-O f5 17. h4 Rae8 18. Rae1 Kg7 $11 {then Black can play ...c8, ...d6.}) 16. a4 Bd7 (16... Kb8 17. a5 Nc8 18. Nb3 Nd6 19. Nc5 $14) ({But} 16... a5 $6 {is too risky:} 17. O-O ({Black is counting on} 17. Nb3 Rhe8 18. Nxa5 Kb8 19. O-O Bg4 $15) 17... Kb8 18. Nb3 Bc8 19. Qf2 $1 (19. Nxa5 Rhe8 20. Rfe1 (20. Rae1 Qa3) 20... Rd6 21. Nb3 Rf6 22. Qe2 Re6 23. Nc5 Rxe3 24. Qxe3 Qxe3+ 25. Rxe3 Rxe3 26. Kf2 Re7 27. Rb1 Ka7 $11) 19... Rhe8 20. Rae1 Nxa4 (20... Qa3 $4 21. Nc5 $18 {with following a1}) 21. Nxa5 Rd6 (21... Nxc3 $4 22. Qb2) 22. c4 $40) 17. a5 ({It is worth considering the sacrifice of the a-pawn:} 17. O-O $5 Nxa4 $6 ({I would prefer} 17... Kb8 $1 18. a5 Na4 19. c4 $6 Nb2 20. Qe2 Rhe8 $15) 18. c4 $44 Qb4 19. Qf2 Kb8 20. cxd5 f5 21. Nf3 $16) 17... Na4 18. a6 Rhe8 ({He could have played} 18... b5 $5 19. O-O Rhe8 {The position is very complicated. White has several options.} 20. Rfe1 $1 (20. e4 Nxc3 21. e5 Qb4 22. Qe3 c5 23. dxc5 Be6 24. Rac1 d4 25. Qf3 Bd5 26. Be4 Nxe4 27. Nxe4 Rxe5 28. Nd6+ Kc7 29. Qd3 Rxd6 30. cxd6+ Kxd6 $13 {with a very messy position.}) 20... Nxc3 21. Rac1 Ne4 22. Nb3 $44) 19. Kf2 Kb8 {Threatening ...g4.} 20. Rhe1 $8 (20. axb7 $4 Bg4 $19) 20... Nxc3 21. axb7 Qb4 $1 $132 22. Kg1 (22. Nf1 {allows Black to play} c5 $1 23. Kg1 (23. dxc5 $4 Bg4 $19) 23... cxd4 24. Kh1 Re6 $15 25. Qxf7 Qf8 26. Qxf8 Rxf8 27. exd4 Rxe1 28. Rxe1 a5 $17 {The a-pawn is very dangerous.}) 22... Qb2 23. Nf1 ({There is no relief after} 23. Qf2 Re6 24. Rac1 Rde8 25. Nf3 Qxf2+ 26. Kxf2 Ne4+ 27. Bxe4 dxe4 28. Ne5 Bb5 29. Rc5 a6 $15) 23... f5 24. Ra5 $6 (24. Rac1 $1 {intending c2 and ec1} Ba4 (24... Ne4 $6 25. Rc2 Qb3 26. Qe2 Re6 27. Rec1 $14) 25. Bxf5 Rf8 26. g4 Rd6 27. Ng3 $13) 24... Ba4 {Black should not be afraid of ea1.} (24... Rf8 25. Qf2 (25. Rea1 $6 Ba4 26. Re1 f4 27. gxf4 gxf4 28. exf4 Qb4 $17) 25... Qxf2+ 26. Kxf2 f4 27. gxf4 gxf4 28. Kg1 Bf5 29. Bxf5 Rxf5 30. Rea1 Rd6 31. Rxa7 Nb5 $11) 25. Rc5 $6 ({I think he should have preferred} 25. Qf2 Qb4 26. Ra6 f4 27. gxf4 gxf4 28. Qxf4 Bb5 29. Bxb5 Qxb5 30. Qxh6 Ne2+ 31. Kh1 Nxd4 {A complex position with approximately equal chances.}) (25. Bxf5 Rf8 26. g4 Rd6) 25... Rf8 26. h3 Rf6 27. Nh2 Rdf8 $15 28. Qf1 Ne4 29. Re2 $2 (29. Rxd5 Nxg3 30. Qf2 Qc3 31. Qxg3 Qxd3 $15) 29... Qa3 $1 30. Bxe4 fxe4 $17 {Magnus' position is very difficult, after ...xb7 his opponent gets a material advantage, the knight on h2 will be out of play after ...h5.} 31. Qe1 c6 32. Ra5 Qb3 $6 (32... h5 $1 33. g4 h4 {and White has no useful moves. Black's position is winning.}) 33. Qa1 Qd1+ $2 {Now White is on top.} (33... Bb5 34. Ra3 Qxa3 35. Qxa3 Bxe2 36. Qb2 Bd3 $17 37. Ng4 (37. Qa3 h5) 37... Rf1+ 38. Kh2 Rb1 $19) 34. Qxd1 Bxd1 35. Re1 Bh5 $8 (35... Bb3 36. Ng4 $16) 36. g4 Be8 37. Rea1 Rf2 $6 (37... Kxb7 38. Rxa7+ Kb6 39. R7a6+ Kc7 40. Nf1 $14 {Black needs to play precisely to draw.}) 38. Rxa7 Rb2 39. Nf1 $16 Kc7 (39... Rxb7 40. Ra8+ Kc7 41. Ng3 {Due to the deadly pin, White is winning.}) 40. Ra8 Kxb7 41. R1a7+ Kb6 42. Re7 Rbf2 43. Rb8+ $1 (43. Ng3 $6 {is much weaker:} Bg6 44. Rxf8 Rxf8 45. Re6 Rg8 {Black has good chances to make a draw. For example} 46. Nf5 Bxf5 47. gxf5 Rf8 48. g4 Rh8 49. Kf2 Kb5 $14) 43... Ka6 44. Ng3 Bg6 45. Rxf8 Rxf8 46. Re6 Be8 (46... Rg8 47. Rxc6+ $18) 47. Rxh6 Kb5 {The king is the most active black piece.} 48. Rh7 {It seems that Magnus could win immediately after 48.d6:} (48. Rd6 $1 Kc4 (48... Kb6 49. Nf5 Kc7 50. Rh6 Bd7 51. Rh7 Kd8 52. Nd6 $18) 49. Nf5 Kd3 50. Rd8 Ke2 51. h4 gxh4 52. Kh2 Kf2 53. Kh3 Rh8 54. g5 $18) 48... Kc4 49. Ra7 Bg6 50. Ra6 Rf6 51. Ra3 $1 Kb4 52. Ra1 Kc3 53. Rf1 Re6 54. Rf8 Kd2 {This gives White a tempo.} (54... Kd3 $1 55. Nf1 c5 56. dxc5 Rc6 $16 57. Rf2 (57. Ra8 Rxc5 58. Ra3+ Rc3 59. Rxc3+ $2 Kxc3 $11) 57... Rxc5 58. Rd2+ Kc3 59. Rd4 $16) 55. Nf1+ Kd3 (55... Ke2 $1 56. Rf2+ Kd3 57. Rf8 c5 58. dxc5 Rc6 59. Rf2 Rxc5 60. Rd2+ Kc3 61. Rd4 $16 {leads to the above mentioned position.}) 56. Kf2 Re7 57. Rg8 Re6 (57... Bh7 58. Ra8 $1 $16 ({With a little trap} 58. Rxg5 $2 Rf7+ 59. Ke1 Ra7 60. h4 Ra2 61. Rg7 Re2+ 62. Kd1 Rf2 $11)) 58. Ke1 Rf6 59. Rg7 Re6 60. Ra7 Re8 61. Ra3+ $1 Kc2 62. Ra6 Rc8 63. Ke2 Be8 64. Ra5 Kc3 $6 (64... c5 65. Rxc5+ $2 {leads to a draw} (65. dxc5 Kc3 66. Ng3 Kb4 67. Ra7 Rxc5 68. Nf5 $16) 65... Rxc5 66. dxc5 Bb5+ 67. Ke1 Bxf1 68. Kxf1 d4 69. c6 Kd2 $1 $11) ({The best chance was} 64... Rb8 $1 65. Rc5+ Kb3 66. Ng3 (66. Nd2+ $1 Kb4 67. Kd1 Ra8 68. Nb1 Ra1 69. Kc1 $16) 66... Ra8 67. Nh5 Ra2+ 68. Kf1 Ra7 69. Kg1 Ra1+ 70. Kf2 Ra2+ 71. Kg3 Rc2 $1 72. Ra5 (72. Rxc2 $2 Kxc2 73. Nf6 c5 $3 74. dxc5 (74. Nxe8 cxd4 $19) 74... Bc6 75. Kf2 d4 76. exd4 Kd2 77. Nxe4+ Bxe4 78. g3 Kd3 $11) 72... c5 73. Nf6 Bc6 74. dxc5 Kb4 $14) 65. Ng3 Rb8 66. Rc5+ $1 Kb2 67. Nh5 $18 {Black's position is hopeless.} Bxh5 68. gxh5 Rh8 69. g4 Rh6 70. Kf2 Re6 71. Kg3 Rf6 72. h4 $1 Rf3+ 73. Kg2 gxh4 74. h6 Rxe3 75. h7 h3+ 76. Kh2 Re2+ 77. Kxh3 Re1 78. Kg2 Re2+ 79. Kg3 Re3+ 80. Kh4 Re1 81. Kg5 Rh1 82. Kg6 Rh4 83. Rxc6 e3 84. Re6 Rxg4+ 85. Kh5 Rg1 86. Rxe3 Rh1+ 87. Kg6 Rg1+ 88. Kf7 Rh1 89. Kg8 Rg1+ 90. Kh8 Rg4 91. Re5 Rxd4 92. Kg7 Rg4+ 93. Kh6 1-0

[Event "Norway Chess 2nd"]
[Site "Stavanger"]
[Date "2014.06.10"]
[Round "7"]
[White "Carlsen, Magnus"]
[Black "Grischuk, Alexander"]
[Result "1/2-1/2"]
[WhiteElo "2881"]
[BlackElo "2792"]
[Annotator "Marin,Mihail"]
[PlyCount "148"]
[EventDate "2014.06.03"]
[EventType "tourn"]
[EventRounds "9"]
[EventCountry "NOR"]
[EventCategory "21"]
[SourceTitle "CBM 161"]
[Source "ChessBase"]
[SourceDate "2014.07.16"]
[SourceVersion "1"]
[SourceVersionDate "2014.07.16"]
[SourceQuality "1"]

1. d4 Nf6 2. c4 g6 3. Nc3 d5 4. Nf3 Bg7 5. Bg5 Ne4 6. Bf4 Nxc3 7. bxc3 c5 8. cxd5 cxd4 9. cxd4 Qxd5 10. e3 O-O 11. Be2 Nc6 12. O-O Bf5 13. Qa4 Qa5 14. Qxa5 Nxa5 15. Rfc1 Rfc8 16. Nd2 Rxc1+ 17. Rxc1 Rc8 18. Rxc8+ Bxc8 19. Bf3 Nc6 $146 {Preventing the bishop's access to b8, which would force the weakening of the queenside pawns.} (19... Bd7 20. Bb8 a6 21. Bc7 Nc6 22. Nb3 $14 {Sumets,A (2477)-Prasad,D (2359) Pardubice 2005 (½-½, 36)}) 20. Bc7 ({RR} 20. Bxc6 bxc6 21. Bb8 a6 22. Ne4 f6 23. f3 Kf7 24. Kf2 Bf8 25. Ba7 f5 26. Ng5+ Ke8 27. f4 Bh6 28. Nxh7 Be6 29. a3 a5 30. Ke2 Bg8 31. Ng5 Bxg5 32. fxg5 a4 33. Kd3 Bb3 34. Kc3 Kf7 {Aronian,L (2758)-Vachier Lagrave,M (2774) Khanty-Mansiysk 2019 ½-½ (44)}) 20... Kf8 21. Nb3 Ke8 22. Nc5 $146 ({RR} 22. Bxc6+ bxc6 23. Bb8 a6 24. Nc5 Bf8 25. Kf1 e5 26. Bxe5 Bxc5 27. dxc5 Be6 28. a3 Bc4+ 29. Ke1 Kd7 30. f3 Ke6 31. Bd6 {½-½ (31) Levin,F (2476)-Von Bahr,O (2404) Fagernes 2019}) 22... e6 23. Bxc6+ bxc6 $14 {With such a black weakness on c6, the position surely looks pleasant for White, but the bishop pair offers good chances for defending.} 24. Bb8 a6 25. Bd6 Bf6 26. Kf1 Bd8 27. Ke2 Bb6 28. Na4 Bd8 29. Nc5 Bb6 30. Ne4 Kd7 31. Be5 Bd8 32. Bf6 Bb6 33. Ng5 c5 34. Nxh7 Bb7 35. g4 Bd5 36. a3 Bc4+ 37. Kd1 Bd5 38. Ng5 cxd4 39. Bxd4 Bxd4 40. exd4 f6 41. Nh7 Ke7 42. g5 fxg5 43. Kd2 e5 44. Ke3 Ke6 45. Nf8+ Kf5 46. dxe5 Kxe5 47. Nxg6+ Kf6 48. Kd4 Bg2 49. Ne5 Kf5 50. Nd3 Kg4 51. Ke3 Kh3 52. Nc5 a5 53. f3 g4 54. fxg4 Kxg4 55. Nb3 a4 56. Nc5 Bc6 57. Kf2 Kh3 58. Kg1 Kg4 59. Nd3 Bb5 60. Nb4 Kh3 61. Na2 Be8 62. Nc3 Kg4 63. Nd1 Bb5 64. Nf2+ Kf3 65. h4 Be8 66. Nd1 Kg3 67. Nc3 Kxh4 68. Kf2 Kg4 69. Ke3 Kf5 70. Kd4 Ke6 71. Kc5 Ke7 72. Nxa4 Bxa4 73. Kb4 Be8 74. a4 Bxa4 1/2-1/2